000 00376nam a2200109Ia 4500
008 160909s9999 xx 000 0 und d
100 _aAllen, Nichol
245 _aMary Ellen Pleasant and the performance of a lifetime
260 _bSouthern Illinois University at Edwardsville.
_c2016
650 _aCULINARY
856 _uhttp://pqdtopen.proquest.com/doc/1809824985.html?FMT=ABS
999 _c304970
_d304970